Republic of Korea : Financial System Stability Assessment.

This Financial System Stability Assessment report on the Republic of Korea highlights that the Korean economy is experiencing a modest recovery, helped by supportive monetary and fiscal policies and buoyant exports. GDP growth is expected to rebound to 2.8 percent in 2013, and strengthen further to...

Πλήρης περιγραφή

Λεπτομέρειες βιβλιογραφικής εγγραφής
Συγγραφή απο Οργανισμό/Αρχή: International Monetary Fund. Monetary and Capital Markets Department
Μορφή: Επιστημονικό περιοδικό
Γλώσσα:English
Έκδοση: Washington, D.C. : International Monetary Fund, 2014.
Σειρά:IMF Staff Country Reports; Country Report ; No. 2014/126
Διαθέσιμο Online:Full text available on IMF
LEADER 01717cas a2200241 a 4500
001 AALejournalIMF014402
008 230101c9999 xx r poo 0 0eng d
020 |c 5.00 USD 
020 |z 9781484399118 
022 |a 1934-7685 
040 |a BD-DhAAL  |c BD-DhAAL 
110 2 |a International Monetary Fund.  |b Monetary and Capital Markets Department. 
245 1 0 |a Republic of Korea :   |b Financial System Stability Assessment. 
264 1 |a Washington, D.C. :  |b International Monetary Fund,  |c 2014. 
300 |a 1 online resource (54 pages) 
490 1 |a IMF Staff Country Reports 
500 |a <strong>Off-Campus Access:</strong> No User ID or Password Required 
500 |a <strong>On-Campus Access:</strong> No User ID or Password Required 
506 |a Electronic access restricted to authorized BRAC University faculty, staff and students 
520 3 |a This Financial System Stability Assessment report on the Republic of Korea highlights that the Korean economy is experiencing a modest recovery, helped by supportive monetary and fiscal policies and buoyant exports. GDP growth is expected to rebound to 2.8 percent in 2013, and strengthen further to 3.7 percent in 2014, in view of the projected global recovery and a gradual pickup in domestic demand. Inflation has fallen to 0.7 percent in October 2013 from 4.2 percent in 2011. With stronger exports and muted domestic demand, the current account surplus has widened and is expected to reach about 5.5 percent of GDP in 2013. 
538 |a Mode of access: Internet 
830 0 |a IMF Staff Country Reports; Country Report ;  |v No. 2014/126 
856 4 0 |z Full text available on IMF  |u http://elibrary.imf.org/view/journals/002/2014/126/002.2014.issue-126-en.xml  |z IMF e-Library